Представление документа в формате RUSMARC

ПолеНазваниеЗначение
  Тип записи a
  Библиографический уровень m
001 Контрольный номер LIBNET\0000997289
005 Дата корректировки 20201206205218.2
010 Индекс ISBN __
a ISBN 978-5-6041539-1-8 (в пер.)
d Цена 1000 экз.
100 Данные общей обработки __
a Данные общей обработки 19190619d2019|||||||y0rusy0189 ca
101 Язык документа 0_
a Язык текста rus
102 Страна публикации __
a Страна публикации RU
102 Страна публикации __
a Страна публикации RU
105 Кодированные данные (монография) __
a Кодированные данные (монография) aс||||||||1zy
200 Заглавие и сведения об ответственности 1_
a Заглавие Антология русской поэзии. Поэмы
e Сведения, относящиеся к заглавию [в 2 томах]
f Первые сведения об ответственности руководитель проекта Г. В. Грибовская ; составитель М. И. Синельников при участии Н. С. Орловой ; [редакционный совет: Балан Думитру и др.] ; художественное оформление: Н. Г. Пескова
b Общее обозначение материала Текст
210 Выходные данные __
a Место издания Москва
c Издательство Гнозис
c Издательство Ладомир
d Дата издания 2019
215 Физическое описание __
c Иллюстрации/тип воспроизводства ил., фот., портр.
d Формат 31 см
330 Аннотация __
a Аннотация Два тома "Антологии русской поэзии", посвящённые трём столетиям русской поэмы, включают в себя произведения более ста авторов - от "Тилемахиды" Василия Тредиаковского до "Речи о пролитом молоке" Иосифа Бродского. За поэмами Золотого и Серебряного веков следуют лучшие произведения многих замечательных поэтов - как советских, так и эмигрантов. В данном собрании присутствуют также и произведения малоизвестных и совсем неизвестных авторов. Подобное издание в России осуществляется впервые.
517 Другие варианты заглавия __
a Другие варианты заглавия Поэмы
606 Тематические рубрики __
a Основная рубрика Художественная литература
606 Тематические рубрики __
a Основная рубрика Русская литература в целом (произведения)
610 Ключевые слова __
a Ключевые слова поэзия
610 Ключевые слова __
a Ключевые слова поэмы
610 Ключевые слова __
a Ключевые слова стихотворения
610 Ключевые слова __
a Ключевые слова стихи
610 Ключевые слова __
a Ключевые слова Серебряный век
610 Ключевые слова __
a Ключевые слова советская поэзия
610 Ключевые слова __
a Ключевые слова русская поэзия
686 Индексы других классификаций __
2 Код системы rubbks
a Классификационный индекс 84(2=411.2)-5; ст84(2=411.2)-5
702 Вторичная интеллектуальная ответственность _1
a Фамилия Синельников
b Имя М. И.
4 Код отношения Составитель
c Титул (звания) поэт
f Даты 1946 -
g Полное личное имя Михаил Исаакович
4 Код отношения 220
702 Вторичная интеллектуальная ответственность _1
a Фамилия Орлова
b Имя Н. С.
4 Код отношения Составитель
4 Код отношения 220
702 Вторичная интеллектуальная ответственность _1
a Фамилия Грибовская
b Имя Г. В.
4 Код отношения Автор идеи
4 Код отношения 245
702 Вторичная интеллектуальная ответственность _1
a Фамилия Думитру
b Имя Б.
4 Код отношения Редактор
f Даты 1933-
g Полное личное имя Балан
4 Код отношения 340
702 Вторичная интеллектуальная ответственность _1
a Фамилия Вербицкая
b Имя Л. А.
4 Код отношения Редактор
f Даты 1936-2019
g Полное личное имя Людмила Алексеевна
4 Код отношения 340
702 Вторичная интеллектуальная ответственность _1
a Фамилия Рене
b Имя Г.
4 Код отношения Редактор
f Даты 1946-
g Полное личное имя Герра
4 Код отношения 340
702 Вторичная интеллектуальная ответственность _1
a Фамилия Громова
b Имя Н. А.
4 Код отношения Редактор
f Даты 1959-
g Полное личное имя Наталья Александровна
4 Код отношения 340
702 Вторичная интеллектуальная ответственность _1
a Фамилия Зеленый
b Имя Л. М.
4 Код отношения Редактор
f Даты 1948-
g Полное личное имя Лев Матвеевич
4 Код отношения 340
702 Вторичная интеллектуальная ответственность _1
a Фамилия Ганешина
b Имя Е. К.
4 Код отношения Прочие
4 Код отношения 570
801 Источник записи _0
a Страна RU
b Организация НБР Коми
c Дата составления 20190619
g Правила каталогизации PSBO
801 Источник записи _2
a Страна RU
b Организация Муниципальное бюджетное учреждение культуры "Централизованная библиотечная система" г. Сургут (Центральная городская библиотека им. А. С. Пушкина)
c Дата составления 20190619
852 Данные о местонахождении __
j Шифр хранения 84(2=411.2)-5
i Авторский знак А 72
901 Тип документа __
a Ответственный КиК/Лукашук
t Тип документа v
903 Характеристики (МАРС) __
a Дата передачи 20191226